[Event "European Blitz 2021"]
[Site "Katowice POL"]
[Date "2021.12.17"]
[Round "19.20"]
[White "Malek, Jan"]
[Black "Sharankov, Grigory"]
[Result "0-1"]
[WhiteElo "2149"]
[BlackElo "2238"]
[WhiteFideId "21864080"]
[BlackFideId "4168356"]
[EventDate "2021.12.17"]

1. e4 e6 2. d4 d5 3. Nc3 Nc6 4. Nf3 Nf6 5. exd5 exd5 6. Bb5 Be7 7. O-O O-O 8.
Bf4 Bg4 9. Bxc6 bxc6 10. h3 Bxf3 11. Qxf3 Rb8 12. Rab1 Rb4 13. Rfd1 Qb8 14. a3
Rxb2 15. Bxc7 Qb7 16. Be5 Nd7 17. Bg3 Bxa3 18. Qd3 Rxb1 19. Rxb1 Qc8 0-1

[Event "European Blitz 2021"]
[Site "Katowice POL"]
[Date "2021.12.17"]
[Round "19.21"]
[White "Walter, Szymon"]
[Black "Janaszak, Dawid"]
[Result "1-0"]
[WhiteTitle "FM"]
[BlackTitle "FM"]
[WhiteElo "2286"]
[BlackElo "2333"]
[WhiteFideId "1172590"]
[BlackFideId "1119206"]
[EventDate "2021.12.17"]

1. e4 c5 2. Nc3 Nc6 3. f4 g6 4. Nf3 Bg7 5. Bb5 Nd4 6. O-O e6 7. d3 Ne7 8. Nxd4
cxd4 9. Ne2 O-O 10. Ba4 d6 11. Qe1 Bd7 12. Bb3 Nc6 13. Ng3 Na5 14. f5 Nxb3 15.
axb3 a6 16. Qf2 Rc8 17. f6 Bh8 18. Bh6 Re8 19. Nh5 Rc5 20. Ng7 Rf8 21. Qxd4 Rxc2
22. Qxd6 1-0

[Event "European Blitz 2021"]
[Site "Katowice POL"]
[Date "2021.12.17"]
[Round "19.22"]
[White "Blohberger, Felix"]
[Black "Koziorowicz, Michal"]
[Result "1-0"]
[WhiteTitle "IM"]
[WhiteElo "2503"]
[BlackElo "2309"]
[WhiteFideId "1632051"]
[BlackFideId "21809194"]
[EventDate "2021.12.17"]

1. d4 f5 2. Nf3 Nf6 3. Bf4 e6 4. e3 Be7 5. h3 O-O 6. Be2 d6 7. c4 Qe8 8. Nc3 Nc6
9. Bh2 Bd8 10. O-O Kh8 11. d5 exd5 12. Nxd5 Ne5 13. Rc1 Ne4 14. Qc2 b6 15. Rfd1
Bb7 16. Nxe5 dxe5 17. Bf1 c6 18. Nc3 Nxc3 19. Qxc3 Bf6 20. c5 Qe7 21. b3 Rad8
22. cxb6 axb6 23. a4 h6 1-0

[Event "European Blitz 2021"]
[Site "Katowice POL"]
[Date "2021.12.17"]
[Round "19.23"]
[White "Budrewicz, Krzysztof"]
[Black "Laurusas, Tomas"]
[Result "1-0"]
[BlackTitle "IM"]
[WhiteElo "2183"]
[BlackElo "2557"]
[WhiteFideId "1127950"]
[BlackFideId "12803731"]
[EventDate "2021.12.17"]

1. d4 Nf6 2. c4 e6 3. Nf3 Bb4+ 4. Bd2 a5 5. e3 O-O 6. Bd3 b6 7. O-O Bb7 8. a3
Be7 9. Nc3 d5 10. cxd5 exd5 11. Rc1 c5 12. Bb1 Nbd7 13. Re1 Rc8 14. dxc5 Nxc5
15. Nd4 Re8 16. Ncb5 Nfe4 17. f3 Nxd2 18. Qxd2 Bh4 19. g3 Bf6 20. Kg2 g6 21.
Rcd1 a4 22. Ba2 Qd7 23. Nc3 Rcd8 24. h4 h5 25. Qc2 Kg7 26. Qd2 1-0

[Event "European Blitz 2021"]
[Site "Katowice POL"]
[Date "2021.12.17"]
[Round "19.24"]
[White "Kjartansson, Gudmundur"]
[Black "Kowalczyk, Rafal"]
[Result "1-0"]
[WhiteTitle "GM"]
[WhiteElo "2460"]
[BlackElo "2235"]
[WhiteFideId "2301318"]
[BlackFideId "1133853"]
[EventDate "2021.12.17"]

1. c4 e6 2. Nc3 d5 3. d4 Nf6 4. cxd5 exd5 5. Bg5 Be7 6. e3 c6 7. Bd3 Nbd7 8.
Nge2 O-O 9. Qc2 Re8 10. O-O Nf8 11. f3 g6 12. Rad1 Ne6 13. Bh4 Nh5 14. Bf2 f5
15. Kh1 Nf6 16. e4 fxe4 17. fxe4 dxe4 18. Nxe4 Nd5 19. a3 Ng7 20. N4c3 Be6 21.
Rde1 Rc8 22. Ng3 Bd6 23. Nge4 Bb8 24. Bg1 Rf8 25. Nc5 Bf5 1-0

[Event "European Blitz 2021"]
[Site "Katowice POL"]
[Date "2021.12.17"]
[Round "19.25"]
[White "Spalir, Jernej"]
[Black "Snihur, Piotr"]
[Result "0-1"]
[WhiteTitle "IM"]
[WhiteElo "2373"]
[BlackElo "2279"]
[WhiteFideId "14606518"]
[BlackFideId "1157191"]
[EventDate "2021.12.17"]

1. d4 Nf6 2. Nf3 e6 3. c4 Bb4+ 4. Bd2 Qe7 5. g3 O-O 6. Bg2 Nc6 7. O-O d6 8. Bg5
a6 9. a3 Ba5 10. b4 Bb6 11. c5 dxc5 12. dxc5 Rd8 13. Qc2 Ba7 14. Nc3 Bd7 15. Ne4
e5 16. Nxf6+ gxf6 17. Bh4 Qe6 18. e3 b6 19. Rfd1 bxc5 20. bxc5 Rab8 21. Nd2 f5
22. Nc4 Re8 0-1

[Event "European Blitz 2021"]
[Site "Katowice POL"]
[Date "2021.12.17"]
[Round "19.26"]
[White "Lubczynski, Rafal"]
[Black "Sanz Wawer, Daniel"]
[Result "1-0"]
[WhiteTitle "IM"]
[BlackTitle "FM"]
[WhiteElo "2413"]
[BlackElo "2371"]
[WhiteFideId "1126091"]
[BlackFideId "1185543"]
[EventDate "2021.12.17"]

1. Nf3 d5 2. c4 e6 3. g3 Nf6 4. Bg2 Be7 5. O-O O-O 6. d4 b6 7. cxd5 exd5 8. Nc3
Bb7 9. Qc2 Nbd7 10. Nh4 Re8 11. Rd1 Bf8 12. Nf5 Rc8 13. Bf4 a6 14. Rac1 Re6 15.
Qb3 c6 16. Bh3 Nh5 17. Bd2 Re8 1-0

[Event "European Blitz 2021"]
[Site "Katowice POL"]
[Date "2021.12.17"]
[Round "19.28"]
[White "Kalogeris, Ioannis"]
[Black "Karolczuk, Iwo"]
[Result "0-1"]
[WhiteTitle "FM"]
[BlackTitle "FM"]
[WhiteElo "2368"]
[BlackElo "2357"]
[WhiteFideId "4239563"]
[BlackFideId "21816972"]
[EventDate "2021.12.17"]

1. e4 e5 2. Nf3 Nc6 3. Bb5 a6 4. Ba4 Nf6 5. Bxc6 dxc6 6. d3 Bd6 7. Nbd2 Qe7 8.
Nc4 h6 9. O-O O-O 10. d4 Nxe4 11. Nfxe5 Be6 12. Qd3 Nf6 13. Bd2 Rad8 14. Rae1 c5
15. d5 Nxd5 16. Qg3 Qf6 0-1

[Event "European Blitz 2021"]
[Site "Katowice POL"]
[Date "2021.12.17"]
[Round "19.30"]
[White "Szczurek, Krzysztof"]
[Black "Kozak, Antoni"]
[Result "1-0"]
[WhiteTitle "FM"]
[WhiteElo "2090"]
[BlackElo "2356"]
[WhiteFideId "1185489"]
[BlackFideId "21832030"]
[EventDate "2021.12.17"]

1. e4 c6 2. d3 d5 3. Nd2 e5 4. g3 Bd6 5. Bg2 Nf6 6. Ngf3 O-O 7. O-O a5 8. Qe2
Re8 9. b3 Na6 10. Bb2 d4 11. c3 c5 12. cxd4 cxd4 13. Nc4 Bc7 14. a4 Nc5 15. Qc2
b6 16. Ba3 1-0

[Event "European Blitz 2021"]
[Site "Katowice POL"]
[Date "2021.12.17"]
[Round "19.32"]
[White "Andersen, Mads"]
[Black "Posluszny, Tomasz"]
[Result "1-0"]
[WhiteTitle "GM"]
[WhiteElo "2574"]
[BlackElo "2048"]
[WhiteFideId "1413864"]
[BlackFideId "1187724"]
[EventDate "2021.12.17"]

1. d4 Nf6 2. c4 c5 3. d5 b5 4. cxb5 e6 5. Nc3 exd5 6. Nxd5 Bb7 7. Nxf6+ Qxf6 8.
Nf3 d5 9. g3 Bd6 10. Bg2 O-O 11. O-O Nd7 12. Qc2 a6 13. bxa6 Rxa6 14. Rd1 Rfa8
15. Ng5 g6 16. Bxd5 Bxd5 17. Rxd5 Qe7 18. Ne4 Be5 19. Bg5 f6 20. Rad1 Nb6 21.
Rxe5 Qxe5 22. Bxf6 Qe6 23. Bc3 R6a7 24. Rd6 Qf5 25. Rxb6 1-0

[Event "European Blitz 2021"]
[Site "Katowice POL"]
[Date "2021.12.17"]
[Round "19.33"]
[White "Karpus, Michal"]
[Black "Stefansson, Hannes"]
[Result "0-1"]
[WhiteTitle "FM"]
[BlackTitle "GM"]
[WhiteElo "2185"]
[BlackElo "2518"]
[WhiteFideId "1174088"]
[BlackFideId "2300087"]
[EventDate "2021.12.17"]

1. e4 c5 2. Nf3 e6 3. d4 cxd4 4. Nxd4 a6 5. Nc3 b5 6. Bd3 Qb6 7. Nf3 Bb7 8. O-O
Nc6 9. Bd2 Bc5 10. a4 b4 11. Na2 Nge7 12. c3 bxc3 13. Bxc3 Nd4 14. Nd2 Qc7 15.
b4 Ba7 16. Rc1 Qf4 17. Nc4 O-O 18. Bd2 Qb8 19. Na5 Nec6 20. Nxb7 Qxb7 21. Re1
Rfd8 22. Qh5 f6 23. e5 f5 24. Rb1 Ne7 25. Qh4 Ng6 26. Qg3 Rac8 27. Bg5 Rf8 28.
Kh1 Qd5 29. Rb2 Nc6 30. Bxa6 Rb8 31. Bb5 Ncxe5 32. Rd2 Qb7 33. Rxe5 f4 34. Qc3
Nxe5 35. Qxe5 Rf5 36. Qd6 Rxg5 37. f3 Rd5 38. Rxd5 Qxd5 39. Qxd5 exd5 40. Bd3
Be3 41. a5 Bd2 42. a6 Bxb4 43. a7 Re8 44. h4 Bc5 45. Nc3 Bxa7 46. Nxd5 Be3 47.
Bc4 Kf8 48. Kh2 Re5 49. Kh3 h5 50. Nb4 Ke7 51. Nd3 Ra5 52. Bg8 d5 53. Bh7 Kd6
54. Bg6 Ra3 55. g3 fxg3 56. Kxg3 Ra1 57. Bxh5 Rd1 58. Nb2 Rd2 59. Na4 Bd4 60.
Bg6 Ra2 61. Be8 Ra1 62. f4 Rb1 63. Kf3 Rb3+ 64. Kg4 Rb4 65. h5 Be3 66. Kf3 Bxf4
67. Nc3 Rb3 68. Kxf4 Rxc3 0-1

[Event "European Blitz 2021"]
[Site "Katowice POL"]
[Date "2021.12.17"]
[Round "19.34"]
[White "Hasterok, Mateusz"]
[Black "Papasimakopoulos, Alexandros"]
[Result "1-0"]
[BlackTitle "CM"]
[WhiteElo "2132"]
[BlackElo "2259"]
[WhiteFideId "21822352"]
[BlackFideId "4244125"]
[EventDate "2021.12.17"]

1. d4 f5 2. Nc3 d5 3. Bf4 a6 4. e3 Nf6 5. h3 e6 6. Bd3 c5 7. dxc5 Nc6 8. Nf3
Bxc5 9. O-O O-O 10. Ne5 Bd6 11. Nxc6 bxc6 12. Bxd6 Qxd6 13. Ne2 e5 14. c4 Be6
15. Rc1 a5 16. Qa4 Rfb8 17. b3 Bd7 18. c5 Qe7 19. Qh4 a4 20. bxa4 Ra5 21. Qg5 h6
22. Qg6 Ne4 23. Bxe4 fxe4 24. Rb1 Rba8 25. Rb7 R5a7 26. Rfb1 Be8 27. Rb8 Qf7 28.
Qxc6 Rxb8 29. Rxb8 Re7 30. Ng3 Kh7 31. Qd6 Bxa4 32. Rb6 Bd7 33. c6 Bc8 34. Rb8
Re6 35. Qd8 Ba6 36. c7 Rc6 37. c8=Q Bxc8 38. Rxc8 Rb6 39. Rc1 Rb2 40. Rf1 Rxa2
41. Qd6 Ra7 42. Qxe5 g6 43. Ne2 Re7 44. Qd4 g5 45. Ng3 Qe6 46. Rb1 Rf7 47. Rb6
Qd7 48. Nh5 Qe7 49. Qxd5 Qd7 50. Qxd7 1-0

[Event "European Blitz 2021"]
[Site "Katowice POL"]
[Date "2021.12.17"]
[Round "19.35"]
[White "Stanisz, Patryk"]
[Black "Gdanski, Jacek"]
[Result "0-1"]
[WhiteTitle "CM"]
[BlackTitle "GM"]
[WhiteElo "2158"]
[BlackElo "2499"]
[WhiteFideId "1123106"]
[BlackFideId "1100106"]
[EventDate "2021.12.17"]

1. d4 Nf6 2. c4 c5 3. Nf3 cxd4 4. Nxd4 a6 5. Nc3 d5 6. Nf3 e6 7. cxd5 Nxd5 8.
Nxd5 exd5 9. e3 Nc6 10. Be2 Bd6 11. O-O O-O 12. b3 Qf6 13. Rb1 Bf5 14. Bb2 Qh6
15. Rc1 Be4 16. g3 Rad8 17. Nd2 Ne5 18. Bd4 Bf5 19. f4 Nc6 20. Bb6 Rc8 21. Nf3
Be4 22. Bd3 Ba3 23. Rc2 Bxd3 24. Qxd3 Nb4 25. Rxc8 Nxd3 26. Rxf8+ Bxf8 27. Rd1
Nxf4 0-1

[Event "European Blitz 2021"]
[Site "Katowice POL"]
[Date "2021.12.17"]
[Round "19.36"]
[White "Grzesik, Gracjan"]
[Black "Piesik, Piotr"]
[Result "0-1"]
[BlackTitle "IM"]
[WhiteElo "2208"]
[BlackElo "2407"]
[WhiteFideId "1194593"]
[BlackFideId "1136194"]
[EventDate "2021.12.17"]

1. c4 Nf6 2. Nc3 e6 3. e4 c5 4. Nf3 Nc6 5. Be2 d6 6. d4 cxd4 7. Nxd4 Be7 8. O-O
a6 9. Be3 O-O 10. Qd2 Bd7 11. f3 Rc8 12. Rac1 Nxd4 13. Bxd4 Bc6 14. Rfd1 Nd7 15.
Bf1 Re8 16. Qf2 Qa5 17. a3 Qh5 18. b4 b5 19. cxb5 Bxb5 20. Nxb5 axb5 21. g4 Qg5
22. Be3 Qe5 23. Bd4 Qg5 24. Be3 Qe5 25. Bd4 Qg5 26. Be3 Qe5 27. Bd4 Qg5 28. Rxc8
Rxc8 29. h4 Qxh4 30. Qxh4 Bxh4 31. Bxb5 Ne5 32. Bxe5 dxe5 33. Rd3 Kf8 34. Kg2
Rc2+ 35. Kg1 Bf2+ 36. Kf1 Bd4 37. Ke1 g6 38. Ba4 Ra2 39. Bd1 h5 40. gxh5 gxh5
41. a4 h4 42. f4 Bf2+ 43. Kf1 exf4 44. Be2 Be3 45. b5 h3 46. Rd1 h2 47. Bf3 Rf2+
48. Ke1 Rxf3 0-1

[Event "European Blitz 2021"]
[Site "Katowice POL"]
[Date "2021.12.17"]
[Round "19.37"]
[White "Grabarczyk, Miroslaw"]
[Black "Nemec, Jachym"]
[Result "1-0"]
[WhiteTitle "GM"]
[BlackTitle "FM"]
[WhiteElo "2371"]
[BlackElo "2402"]
[WhiteFideId "1101684"]
[BlackFideId "23716525"]
[EventDate "2021.12.17"]

1. d4 Nf6 2. c4 g6 3. Nf3 Bg7 4. g3 d5 5. cxd5 Nxd5 6. Bg2 Nb6 7. O-O Nc6 8. e3
O-O 9. Nc3 Re8 10. d5 Na5 11. Nd4 e5 12. dxe6 Bxe6 13. Nxe6 Rxe6 14. Qc2 Nc6 15.
a3 Qe7 16. Rd1 Rd8 17. Rxd8+ Nxd8 18. Bd2 c6 19. b3 Rd6 20. Be1 Ne6 21. Rc1 Rd7
22. Ne4 Qxa3 23. Bh3 Qe7 24. Bxe6 fxe6 25. Bc3 Nd5 26. Bxg7 Kxg7 27. Qb2+ Nf6
28. b4 Kf7 29. Ng5+ Kg8 30. Nf3 Rd5 31. Nd4 e5 32. Nb3 Qxb4 33. Qc2 Kg7 34. Nc5
Rd2 35. Qc4 Qxc4 36. Rxc4 Rb2 37. Rc1 Kf7 38. Rd1 Ke7 39. h3 b6 40. Nd3 Rb5 41.
Rc1 Kd6 42. Rd1 Rd5 43. f3 e4 44. fxe4 Nxe4 45. Kg2 a5 46. Kf3 Nc5 1-0

[Event "European Blitz 2021"]
[Site "Katowice POL"]
[Date "2021.12.17"]
[Round "19.38"]
[White "Kastelik, Adrian"]
[Black "Froewis, Annika"]
[Result "0-1"]
[BlackTitle "WFM"]
[WhiteElo "2102"]
[BlackElo "2079"]
[WhiteFideId "1134701"]
[BlackFideId "1621432"]
[EventDate "2021.12.17"]

1. d4 d5 2. c4 e6 3. Nc3 Nf6 4. cxd5 exd5 5. Bg5 Be7 6. e3 c6 7. Qc2 Nbd7 8. Bd3
O-O 9. Nge2 Re8 10. O-O Nf8 11. Rae1 g6 12. f3 Ne6 13. Bh4 b5 14. h3 Bb7 15. e4
Qb6 16. Bf2 a6 17. e5 Nd7 18. f4 c5 19. dxc5 Bxc5 20. f5 Bxf2+ 21. Rxf2 Nec5 22.
e6 fxe6 23. fxg6 hxg6 24. Bxg6 Re7 25. b4 Na4 26. Nxa4 bxa4 27. Nf4 e5 28. Nh5
e4 29. Bf5 Ne5 30. Qd2 Nf7 31. Qe3 Qxe3 32. Rxe3 d4 33. Rg3+ Kh8 34. Bg6 Ne5 35.
Nf6 e3 36. Rf5 Nxg6 37. Rxg6 Rh7 38. Nxh7 Kxh7 39. Re6 Bc8 40. Rf7+ Kg8 41. Ree7
d3 42. Rg7+ Kf8 43. Rgf7+ Kg8 44. Rg7+ Kf8 45. Rgf7+ Kg8 46. Rf1 e2 47. Re1 d2
48. R7xe2 dxe1=Q+ 49. Rxe1 Kf7 50. Kf2 Bb7 51. a3 Rc8 52. Re3 Kf6 53. g4 Rc2+
54. Kg3 Bd5 55. h4 Rb2 56. g5+ Kf5 57. Kh3 Rb3 58. Rg3 Kf4 59. Rxb3 axb3 60. g6
b2 61. g7 b1=Q 62. g8=Q Qh1# 0-1

[Event "European Blitz 2021"]
[Site "Katowice POL"]
[Date "2021.12.17"]
[Round "19.39"]
[White "Gradalski, Olaf"]
[Black "Masternak, Grzegorz"]
[Result "1/2-1/2"]
[BlackTitle "IM"]
[WhiteElo "2086"]
[BlackElo "2330"]
[WhiteFideId "21840580"]
[BlackFideId "1100505"]
[EventDate "2021.12.17"]

1. e4 e6 2. d4 d5 3. Bd3 Nf6 4. exd5 exd5 5. Ne2 Nc6 6. c3 Bg4 7. h3 Bh5 8. Bf4
Bd6 9. Qd2 Bg6 10. Bxd6 Qxd6 11. Na3 O-O 12. O-O Rfe8 13. Rfe1 Ne4 14. Bxe4 Bxe4
15. Ng3 Bg6 16. Nc2 Ne7 17. Ne3 Qd7 18. Ng4 f6 19. Re2 Nf5 20. Rxe8+ Rxe8 21.
Nxf5 Bxf5 22. Ne3 Bg6 23. Re1 c6 24. f3 Re7 25. Kf2 Qe8 26. Nf1 Rxe1 27. Qxe1
Qd7 28. Qe3 Kf8 29. Ng3 Qe7 30. Qxe7+ Kxe7 31. Ke3 Bb1 32. a3 Ke6 33. Ne2 g5 34.
g3 h5 35. f4 Bf5 36. fxg5 fxg5 37. h4 gxh4 38. gxh4 Bc2 39. Nf4+ Kf5 40. Nxh5
Kg4 41. Nf6+ Kxh4 42. Ne8 Ba4 43. Nd6 b6 44. Nc8 Kg5 45. Nxa7 Kf6 46. Nc8 b5 47.
Na7 b4 48. axb4 Ke6 49. Nc8 1/2-1/2

[Event "European Blitz 2021"]
[Site "Katowice POL"]
[Date "2021.12.17"]
[Round "19.40"]
[White "Skawinski, Arkadiusz"]
[Black "Praczukowski, Stanislaw"]
[Result "1/2-1/2"]
[WhiteTitle "FM"]
[WhiteElo "2366"]
[BlackElo "2068"]
[WhiteFideId "1126415"]
[BlackFideId "1182730"]
[EventDate "2021.12.17"]

1. e4 c5 2. Nf3 d6 3. Bb5+ Nd7 4. a4 Nf6 5. Nc3 g6 6. O-O a6 7. Be2 Bg7 8. d3
O-O 9. Nd2 Rb8 10. a5 b5 11. axb6 Nxb6 12. f4 Bb7 13. Qe1 Nfd7 14. Nf3 d5 15. e5
e6 16. b3 Qe7 17. Qg3 f6 18. Bb2 fxe5 19. Nxe5 Nxe5 20. fxe5 Rxf1+ 21. Rxf1 Rf8
22. Rxf8+ Qxf8 23. Bg4 Bc8 24. Ne2 d4 25. Bc1 Nd5 26. h4 Qf7 27. Bg5 Bd7 28. Nf4
Nxf4 29. Bxf4 Bc6 30. Kh2 Bd5 31. Bg5 h5 32. Bh3 Kh7 33. Qf4 Kg8 34. Bf6 Qb7 35.
g4 hxg4 36. Bxg4 Bxf6 37. Qxf6 Qf7 38. Kg3 Qxf6 39. exf6 Kf7 40. h5 gxh5 41.
Bxh5+ Kxf6 42. Be8 a5 43. Kf2 Kg5 44. Ke1 Kf4 45. Kd2 e5 46. Bd7 e4 47. dxe4
Bxe4 48. Be8 Bd5 49. Bb5 Ke5 50. Ba6 Bc6 51. Bf1 a4 52. bxa4 Bxa4 53. c3 dxc3+
54. Kxc3 1/2-1/2

[Event "European Blitz 2021"]
[Site "Katowice POL"]
[Date "2021.12.17"]
[Round "19.41"]
[White "Tymrakiewicz, Rafal"]
[Black "Woloch, Oskar"]
[Result "1-0"]
[WhiteTitle "FM"]
[WhiteElo "2205"]
[BlackElo "2117"]
[WhiteFideId "1108832"]
[BlackFideId "1192116"]
[EventDate "2021.12.17"]

1. d4 c5 2. e4 cxd4 3. c3 d5 4. exd5 Qxd5 5. cxd4 Nc6 6. Nf3 Bg4 7. Nc3 Qh5 8.
d5 Rd8 9. Qa4 Bxf3 10. gxf3 Rxd5 11. Nxd5 Qxd5 12. Be2 e6 13. Bd2 Bc5 14. O-O-O
Bxf2 15. Kb1 Qf5+ 16. Ka1 Ne7 17. Qb5 e5 18. Rhf1 Bd4 19. Bd3 Qf6 20. Be4 O-O
21. Bc3 a6 22. Qd3 Qh6 23. f4 f5 24. Bd5+ Nxd5 25. Qc4 Qe6 26. fxe5 b5 27. Qb3
Qxe5 28. Rfe1 Qd6 29. Bxd4 Rd8 30. Bb6 Rd7 31. Rd2 Nb4 32. Ba5 Re7 33. Rxe7 Qxe7
34. Rxd5 Nxd5 35. Qxd5+ Kf8 36. Qa8+ Kf7 37. Qd5+ Kg6 38. Bc3 Qe2 39. a3 Qf1+
40. Ka2 Kh6 41. Qe6+ g6 42. Bd2+ Kh5 43. Qf7 h6 44. Qd5 g5 45. Qf7+ Kg4 46. Qd5
f4 47. Qe6+ Kf3 48. Bc3 h5 49. Qd5+ Kg4 50. Qe6+ Kf3 51. Qd5+ Kg4 52. Qd7+ Kf3
53. Qc6+ Kg4 54. Qe6+ Kf3 55. Qxa6 Qc4+ 56. Kb1 Qd3+ 57. Kc1 Qf1+ 58. Kc2 Qe2+
59. Kc1 Qf1+ 60. Kc2 Qe2+ 61. Kc1 g4 62. Qc6+ Kf2 63. Bd4+ Kf1 64. Qh1# 1-0

[Event "European Blitz 2021"]
[Site "Katowice POL"]
[Date "2021.12.17"]
[Round "19.53"]
[White "Pavlidou, Ekaterini"]
[Black "Kolasa, Pjotrs"]
[Result "1/2-1/2"]
[WhiteTitle "WIM"]
[WhiteElo "2203"]
[BlackElo "2051"]
[WhiteFideId "4213262"]
[BlackFideId "11604255"]
[EventDate "2021.12.17"]

1. d4 Nf6 2. c4 e6 3. Nc3 Bb4 4. e3 O-O 5. Ne2 Re8 6. a3 Bf8 7. Ng3 a5 8. Bd3 d5
9. O-O Nbd7 10. f3 e5 11. cxd5 exd4 12. exd4 Nb6 13. Bg5 h6 14. Bxf6 Qxf6 15.
Nge2 Qd8 16. Qb3 Re3 17. Rad1 a4 18. Qa2 Bd7 19. Be4 Kh8 20. Kf2 f5 21. Kxe3
fxe4 22. Nxe4 Bf5 23. N2c3 Qh4 24. g3 Qxh2 25. Rh1 Qc2 26. Qb1 Nc4+ 27. Kf4 Qxb1
28. Rxb1 Bd7 29. Nc5 Bd6+ 30. Ke4 Re8+ 31. Kd3 Bxc5 32. dxc5 Na5 33. Ne4 Bf5 34.
g4 Bg6 35. Kd4 Rf8 36. Rh3 Nb3+ 37. Kc3 Nxc5 38. Nxc5 Bxb1 39. Ne6 Rf7 40. Kd4
Rd7 41. Ke5 Ba2 42. Nf4 Re7+ 43. Kd4 Kg8 44. Ne6 c6 45. Nc5 Bxd5 46. f4 b6 47.
Nd3 Re4+ 48. Kc3 Rc4+ 49. Kd2 Rd4 50. Kc3 Rc4+ 51. Kd2 b5 52. Ne5 Rxf4 53. Rg3
Rf2+ 54. Kc3 Kf8 55. g5 hxg5 56. Rxg5 Re2 57. Nd7+ Kf7 58. Rg3 Rg2 59. Re3 Rf2
60. Ne5+ Kg8 61. Nd3 Rf3 62. Re8+ Kh7 63. Kd4 Rh3 64. Nf4 Rh2 65. Kc3 Rf2 66.
Nd3 Rf3 67. Kd4 Bc4 68. Ne5 Rf2 69. Nxc4 bxc4 70. Kc3 Rf3+ 71. Kxc4 Rb3 72. Re2
g5 73. Kc5 Kg6 74. Kxc6 g4 75. Re4 Kf5 76. Rxa4 Rxb2 77. Ra8 g3 78. a4 Rb4 79.
a5 Rg4 80. Rf8+ Ke6 81. Re8+ Kf7 82. Re1 g2 83. a6 g1=Q 84. Rxg1 Rxg1 85. a7 Ra1
86. Kb7 Rxa7+ 87. Kxa7 1/2-1/2

[Event "European Blitz 2021"]
[Site "Katowice POL"]
[Date "2021.12.17"]
[Round "19.60"]
[White "Sowinski, Pawel"]
[Black "Druckenthaner, Andreas"]
[Result "1-0"]
[BlackTitle "FM"]
[WhiteElo "2075"]
[BlackElo "2291"]
[WhiteFideId "21881979"]
[BlackFideId "1600567"]
[EventDate "2021.12.17"]

1. c4 e5 2. Nc3 d6 3. g3 Nc6 4. Bg2 Be6 5. d3 Qd7 6. e4 g6 7. Nge2 Bh3 8. O-O
Bxg2 9. Kxg2 Bg7 10. Be3 Nf6 11. h3 O-O 12. f4 exf4 13. Nxf4 Ne7 14. Bd4 c6 15.
Qe2 a6 16. Rae1 Rae8 17. Qf3 h6 18. a4 Nh7 19. Bxg7 Kxg7 20. d4 Ng8 21. h4 Nhf6
22. e5 dxe5 23. dxe5 Nh7 24. Ne4 Rxe5 25. Qc3 Re8 26. Nd3 f6 27. Nxe5 fxe5 28.
Rf2 Qe7 29. Ref1 Rf8 30. Rxf8 Nxf8 31. c5 Qe6 32. Nd6 Nf6 33. Qf3 N8d7 34. Qe3
Qd5+ 35. Kg1 Nxc5 36. Nc8 Nce4 37. Nb6 Qe6 38. b3 Qg4 39. Rf3 1-0

[Event "European Blitz 2021"]
[Site "Katowice POL"]
[Date "2021.12.17"]
[Round "20.1"]
[White "Klekowski, Maciej"]
[Black "Duda, Jan-Krzysztof"]
[Result "1/2-1/2"]
[WhiteTitle "GM"]
[BlackTitle "GM"]
[WhiteElo "2479"]
[BlackElo "2760"]
[WhiteFideId "1132717"]
[BlackFideId "1170546"]
[EventDate "2021.12.17"]

1. c4 Nf6 2. Nc3 e6 3. Nf3 d5 4. e3 c5 5. cxd5 exd5 6. d4 Nc6 7. Bb5 Bg4 8. h3
Bh5 9. g4 Bg6 10. Ne5 Rc8 11. h4 cxd4 12. exd4 Bb4 13. Bxc6+ bxc6 14. h5 Be4 15.
f3 O-O 16. fxe4 Nxe4 17. Bd2 Bxc3 18. bxc3 f6 19. Nd3 f5 20. g5 f4 21. Qf3 c5
22. Nxc5 Nxg5 23. Qg4 Qe7+ 24. Kd1 Ne4 25. Qe6+ Qxe6 26. Nxe6 Rf5 27. Rg1 Kf7
28. Nc5 Rxh5 29. Rb1 g5 30. Rb7+ Kf6 31. Re1 Kf5 32. Re7 Nxc5 33. dxc5 Rxc5 34.
R7e5+ Kg6 35. Re6+ Kf5 36. R6e5+ Kg6 37. Re6+ Kf5 38. R6e5+ 1/2-1/2

[Event "European Blitz 2021"]
[Site "Katowice POL"]
[Date "2021.12.17"]
[Round "20.2"]
[White "Teclaf, Pawel"]
[Black "Demchenko, Anton"]
[Result "0-1"]
[WhiteTitle "IM"]
[BlackTitle "GM"]
[WhiteElo "2542"]
[BlackElo "2654"]
[WhiteFideId "1185934"]
[BlackFideId "4160258"]
[EventDate "2021.12.17"]

1. e4 e5 2. Nf3 Nc6 3. Nc3 Nf6 4. d4 exd4 5. Nxd4 Bc5 6. Be3 Bb6 7. Be2 O-O 8.
Qd3 Re8 9. O-O d6 10. Nxc6 bxc6 11. Rad1 Qe7 12. Rfe1 Rb8 13. b3 Qe5 14. Bd4 Qg5
15. Qg3 Qxg3 16. hxg3 Nd7 17. Bxb6 axb6 18. a4 f6 19. Bf1 Ne5 20. Ne2 Bb7 21.
Nd4 Kf8 22. f3 g6 23. g4 Kg7 24. Kf2 Re7 25. Rd2 Rbe8 26. Red1 Rh8 27. Be2 Nf7
28. Rh1 Rhe8 29. Bd3 Ne5 30. Be2 c5 31. Nb5 Bc6 32. Nc3 Ra8 33. Bb5 Bb7 34. Rdd1
Nf7 35. Bc4 Ne5 36. Bb5 Rf8 37. Kg3 Nf7 38. Bc4 Ng5 39. Bd5 Bc8 40. Bc6 Ne6 41.
Ne2 Rh8 42. Nf4 Nd4 43. Bb5 Nxc2 44. Nd5 Rf7 45. Bc4 Nd4 46. b4 Be6 47. a5 bxa5
48. bxc5 dxc5 49. Ra1 c6 50. Ne3 Ra8 51. Ra4 Rfa7 52. Rc1 Kf7 53. Bxe6+ Nxe6 54.
Nc4 Ke7 55. Rh1 Kf8 56. Rd1 Ra6 57. Rb1 g5 58. Rb7 Kg8 59. Re7 Nf4 60. Rc7 Rb8
61. Ra1 a4 62. Rd1 a3 63. Rdd7 Ne6 64. Ra7 Ra8 0-1